| 000 | 00570 a2200217 4500 | ||
|---|---|---|---|
| 650 | 0 |
_aTaxation _zTurkey _987333 |
|
| 999 |
_c200129137 _d19747 |
||
| 001 | 200129137 | ||
| 003 | TR-AnTOB | ||
| 005 | 20230908164911.0 | ||
| 008 | 130503s2003 tu 000 0 | ||
| 040 |
_aTR-AnTOB _cTR-AnTOB |
||
| 041 | _atur | ||
| 050 | 0 | 0 |
_aHJ2240 _bD33 2003 |
| 090 | _aHJ2240 D33 2003 | ||
| 100 | 1 |
_aDeğer, Nuri _eauthor _988559 |
|
| 245 | 1 | 0 |
_aSirküler rapor / _cNuri Değer. |
| 264 | 1 |
_aAnkara : _bTÜRMOB, _c2003. |
|
| 300 |
_a210 p: _btbl. ; _c24 cm. |
||
| 650 | 7 |
_aVergilendirme _zTürkiye _2 _987331 |
|
| 942 |
_cBK _2lcc |
||